| 000 | 00507nam a22001697a 4500 | ||
|---|---|---|---|
| 005 | 20241212124520.0 | ||
| 008 | 241212b |||||||| |||| 00| 0 eng d | ||
| 020 | _a9780028263984 | ||
| 050 |
_aQH315 _b.D36 |
||
| 100 | _aDaniel, Lucy | ||
| 245 |
_aMerrill Life Sciences/ _cLucy Daniel, Edward Paul Ortleb & Alton Biggs |
||
| 260 |
_aNew York _bGlencoe Macmillan/McGraw-Hill _c1994 |
||
| 300 |
_axxii.730p. _bill. color _c26cm |
||
| 700 | _aOrtleb, Edward Paul | ||
| 700 | _aBiggs, Alton | ||
| 942 |
_2lcc _cBK _n0 |
||
| 999 |
_c2108 _d2108 |
||